000 00201 a2200085 4500
020 _a9781138582897
100 _aR.S.BRUDGER
245 _aINTRODUCTION TO HUMAN FACTORS AND ERGONOMICS
260 _bCRC PRESS
999 _c13056
_d13056